| 000 | 00475nam a2200169 4500 | ||
|---|---|---|---|
| 001 | 107212 | ||
| 003 | ES-MaACL | ||
| 005 | 20230906184353.0 | ||
| 007 | t| | ||
| 008 | 061121s1922 sp r ||||1| spa d | ||
| 100 | 1 |
_aMorales y Rodríguez, Gustavo. _9215906 |
|
| 245 | 1 | 0 |
_aJardín interior / _cGustavo Morales y Rodríguez. |
| 260 |
_aMadrid : _b[s.n.], _c[1922] ( _gImp. Clas. Española) |
||
| 300 |
_a126 p. ; _c19. |
||
| 852 |
_aES-MaACL _jD-2370 |
||
| 999 |
_c107212 _d107212 |
||